| 000 | 00799nam a22002177a 4500 | ||
|---|---|---|---|
| 999 |
_c12318 _d12318 |
||
| 003 | AR-CdUCM | ||
| 008 | 190408b ||||| |||| 00| 0 spa d | ||
| 040 |
_aMUNICIPALIDAD PROVINCIAL DEL CUSCO _cBIBLIOTECA MUNICIPAL DEL CUSCO |
||
| 082 |
_a809.94 / _bV25 |
||
| 100 |
_aVan Tieghem, Paul _930121 |
||
| 245 | _aHistoria literaria de Europa desde el renacimiento / | ||
| 260 |
_aSantiago : _bZig - Zag |
||
| 300 |
_a342 páginas : _c20 cm. |
||
| 505 | _aContenido : El renacimiento -- La poesía lírica del renacimienton -- Las epopeyas del renacimiento -- El cuento y la novela del renacimiento ... | ||
| 650 |
_aRenacimiento _95856 |
||
| 650 |
_aCuento _94671 |
||
| 650 |
_aLiteratura _983 |
||
| 700 |
_aQuiroga Pla, José María _911168 |
||
| 942 |
_2ddc _cLIBROS |
||
| 945 |
_arah _d08/04/2019 |
||